| 000 | 00762nas a2200253 4500 | ||
|---|---|---|---|
| 001 | BR9207883 | ||
| 003 | BR-BrBNA | ||
| 005 | 20231205093043.0 | ||
| 007 | ta | ||
| 008 | 230509b bl.|||p| |||| 00| 00por d | ||
| 040 |
_aBR-BrBNA _bpor _cBiblioteca Nacional de Agricultura |
||
| 041 | _a(Pt) | ||
| 072 | _aF30 | ||
| 100 | 1 | _aPagliarini, M.S. | |
| 100 | 1 | _aSilva, S.P. | |
| 100 | 1 | _aMollinari, R. | |
| 245 | 1 | _aAnalise meiotica em cultivares de cana-de-acucar | |
| 246 | 1 | _aMeiotic analysis on sugarcane cultivars | |
| 650 | _aCANA DE ACUCAR | ||
| 650 | _aMEIOSE | ||
| 773 | 0 |
_tArquivos de Biologia e Tecnologia (Brazil) _xISSN 0365-0979 _g(Aug 1990), v. 33(2) p. 283-293 _wBR9207883 |
|
| 909 |
_a202311 _bLúcia _c55 _dLúcia Elande |
||
| 942 |
_2AGRIS _n0 _cANA |
||
| 999 |
_c135922 _d135922 |
||